000 00643nam a2200253Ia 4500
003 OSt
005 20220924151027.0
006 a|||||r|||| 00| 0
007 ta
008 220923b |||||||| |||| 00| 0 ara d
020 _c15.00
024 _a335636
037 _cTextual
040 _aARTS
_cARTS
_bara
041 _2ara
_aara
082 _aO28w46,D5, M7
100 _aAbdul Rehman Au.
_9173858
245 0 _aNuzhat-al-albab fi tabaqat-al-adba
260 _c1987
300 _a491p.
_ccm.
650 _aARABIC LITERATURE
942 _hO28w46,D5, M7
_cTEXL
_2CC
999 _c465269
_d465269